000 00373nam a2200157Ia 4500
100 _aNeidle/M
650 _aElectrical Engineering
942 _cBK
654 _aElectrical Installation Technology
245 _aElectrical Installation Technology
260 _bButtersworth
_aLondon
_c1982
082 _a621.3
_bNei
300 _a406
546 _aENGLISH
999 _c27353
_d27353